000 00322 a2200121 4500
005 20250612115157.0
020 _a9976-78-008-7
100 _aARORA, M. L
245 _aBookeeping Principles of Accounting and Auditing
260 _aDar es Salaam
_bNBAA
_c2000
300 _aix, 267p.: ill; Chat, Table
_c30cm
942 _2ddc
_cBKS
999 _c3850
_d3850